| 000 | 00942nam0a22002651 4500 | ||
|---|---|---|---|
| 001 | rc\996863 | ||
| 005 | 20250622072033.0 | ||
| 035 | _a(NLR Aleph) 006163672 | ||
| 090 |
_a5890077 _c5890077 |
||
| 100 | _a20041129d1981 |||y0rusy50 ca | ||
| 101 | 0 | _arus | |
| 102 | _aRU | ||
| 105 | _ay ||||||||| | ||
| 200 | 1 | _aТоржество ленинской национальной политики | |
| 210 |
_aМинск _cБеларусь _d1981 |
||
| 215 |
_a96 с. _d20 |
||
| 225 | 1 | _aПолитика КПСС - воплощение ленинизма | |
| 700 | 1 |
_aЛебедев _bН. И. _cканд. ист. наук, история Белорусии _f1922- _gНиколай Иванович _9228213 _3RU\NLR\AUTH\770228269 |
|
| 701 | 1 |
_aЛазаренко _bТ.М. _gТеомир Михайлович |
|
| 801 | 0 |
_aRU _bNLR _gpsbo |
|
| 801 | 1 |
_aRU _bELAR _2rusmarc |
|
| 852 |
_aNLR _j82-4/10074 |
||
| 942 | _cBOOK | ||
| 980 | _aNB | ||